| 000 | 00825nam a2200217 a 4500 | ||
|---|---|---|---|
| 008 | 120416s1987 ||||||||||||||||| || u | ||
| 020 | _a9264129456 | ||
| 050 | _aHD 9539.A63D442 Bro | ||
| 100 | _aBrown, Martin | ||
| 245 | 1 | 0 | _aAluminium, copper and steel in developing countries |
| 260 |
_aParis _bDevelopment Centre _c1987 |
||
| 300 | _a137 p. | ||
| 350 | _a0.00 | ||
| 490 | _aDevelopment Centre studies | ||
| 650 | _aSteel industry and trade - Developing countries | ||
| 650 | _aALUMINUIM INDUSTRY AND TRADE-- DEVELOPING COUNTRIES | ||
| 650 | _aCOPPER INDUSTRY AND TRADE--DEVELOPING COUNTRIES | ||
| 650 | _aINDUSTRY | ||
| 700 | _aMcKern, Bruce | ||
| 995 |
_D0.00 _FCBU-MAIN LIBRARY (Kitwe) _H1 _I0.00 _M1 _UAVAILABLE _ZMain Library Open Access Collection |
||
| 999 |
_c34127 _d34127 |
||